[Event "Lloyds Bank Masters 10th"]
[Site "London"]
[Date "1986.08.21"]
[Round "2"]
[White "Howell, James C"]
[Black "Hjartarson, Johann"]
[Result "0-1"]
[WhiteElo "2395"]
[BlackElo "2525"]
[PlyCount "76"]
[EventDate "1986.08.20"]
[EventType "swiss"]
[EventRounds "9"]
[EventCountry "ENG"]
[SourceTitle "BritBase"]
[Source "John Saunders"]
[SourceDate "2020.09.07"]
[SourceVersion "1"]
[SourceVersionDate "2020.09.07"]
[SourceQuality "2"]

1. e4 e6 2. d4 d5 3. Nd2 Nf6 4. e5 Nfd7 5. f4 c5 6. c3 Nc6 7. Ndf3 Qb6 8. a3 a5
9. g3 f5 10. Bh3 Be7 11. g4 O-O 12. gxf5 exf5 13. c4 dxc4 14. d5 Nd4 15. Bf1
Qh6 16. Nxd4 Qh4+ 17. Ke2 cxd4 18. Qxd4 Bc5 19. Nf3 Qg4 20. Qd1 Re8 21. h3 Qh5
22. Bg2 b5 23. Re1 Ba6 24. Kf1 b4 25. axb4 c3+ 26. Re2 Bxb4 27. d6 Rac8 28. Ng5
h6 29. Bf3 Qh4 30. Qd5+ Kh8 31. Nf7+ Kh7 32. e6 Qxh3+ 33. Bg2 Bxe2+ 34. Kxe2
Rxe6+ 35. Kf1 Re1+ 36. Kxe1 cxb2+ 37. Kf2 Qh4+ 38. Ke2 Qe1+ 0-1

[Event "Lloyds Bank Masters 10th"]
[Site "London"]
[Date "1986.08.21"]
[Round "2"]
[White "Landenbergue, Claude"]
[Black "Cramling, Pia"]
[Result "1/2-1/2"]
[WhiteElo "2255"]
[BlackElo "2400"]
[PlyCount "99"]
[EventDate "1986.08.20"]
[EventType "swiss"]
[EventRounds "9"]
[EventCountry "ENG"]
[SourceTitle "BritBase"]
[Source "John Saunders"]
[SourceDate "2020.09.07"]
[SourceVersion "1"]
[SourceVersionDate "2020.09.07"]
[SourceQuality "2"]

1. Nf3 c5 2. c4 Nc6 3. Nc3 e5 4. g3 g6 5. Bg2 Bg7 6. a3 a5 7. d3 d6 8. Nd5 Nce7
9. Bg5 h6 10. Nxe7 Nxe7 11. Bd2 O-O 12. Rb1 d5 13. cxd5 Nxd5 14. Qc1 Kh7 15.
Qxc5 Be6 16. O-O Qd7 17. Qc1 Rac8 18. Qd1 Qb5 19. a4 Qb6 20. Qe1 Nb4 21. Bc3
Qd6 22. Nd2 b6 23. Kh1 Qd7 24. f4 Nd5 25. fxe5 Ne3 26. Rf4 Bd5 27. Nf3 g5 28.
Rd4 Qe6 29. Qf2 Nxg2 30. Qxg2 Ba8 31. Rd6 Qa2 32. Rf1 g4 33. e4 gxf3 34. Qxf3
Rc6 35. Qf5+ Kg8 36. Qg4 Kh7 37. Qf5+ Kg8 38. Qg4 Kh7 39. e6 Bxc3 40. e7 Re8
41. Rd8 Rg6 42. Rxe8 Bc6 43. Qc8 Bxe8 44. Qxe8 Rf6 45. Rxf6 Bxf6 46. Qd7 Qb1+
47. Kg2 Qc2+ 48. Kh3 Qc5 49. e8=Q Qh5+ 50. Kg2 1/2-1/2

[Event "Lloyds Bank Masters 10th"]
[Site "London"]
[Date "1986.08.21"]
[Round "2"]
[White "Manor, Ilan"]
[Black "Chandler, Murray G"]
[Result "0-1"]
[WhiteElo "2405"]
[BlackElo "2565"]
[PlyCount "98"]
[EventDate "1986.08.20"]
[EventType "swiss"]
[EventRounds "9"]
[EventCountry "ENG"]
[SourceTitle "BritBase"]
[Source "John Saunders"]
[SourceDate "2020.09.07"]
[SourceVersion "1"]
[SourceVersionDate "2020.09.07"]
[SourceQuality "2"]

1. d4 Nf6 2. c4 e6 3. g3 d5 4. Bg2 dxc4 5. Nf3 a6 6. O-O b5 7. Ne5 Nd5 8. Nc3
Bb7 9. Nxd5 exd5 10. e4 dxe4 11. Qh5 g6 12. Nxg6 fxg6 13. Qe5+ Qe7 14. Qxh8 Nd7
15. Bh3 Nf6 16. Bg5 Kf7 17. Bxf6 Qxf6 18. Qxf6+ Kxf6 19. a4 Rb8 20. axb5 axb5
21. Ra5 c6 22. Bg2 Bb4 23. Ra7 c5 24. dxc5 Bxc5 25. Ra5 Bd5 26. Rc1 Bb6 27.
Raa1 Ke5 28. Rc2 Bd4 29. Rd1 Bc6 30. Re1 Re8 31. Rce2 Kf6 32. Rc1 Re6 33. Rec2
e3 34. Bxc6 exf2+ 35. Kg2 Rxc6 36. Rd1 Bc5 37. Rd5 Ke6 38. Rd1 Rd6 39. Re2+ Kd7
40. Ra1 Rd3 41. Re5 Kd6 42. Re8 Bd4 43. Rc8 Rd2 44. Kf3 Rxb2 45. Rd1 Rd2 46.
Rb1 b4 47. Rd8+ Kc5 48. Rc8+ Kb5 49. Rb8+ Bb6 0-1

[Event "Lloyds Bank Masters 10th"]
[Site "London"]
[Date "1986.08.21"]
[Round "2"]
[White "McDonald, Neil R"]
[Black "Thipsay, Praveen"]
[Result "0-1"]
[WhiteElo "2495"]
[BlackElo "2375"]
[PlyCount "80"]
[EventDate "1986.08.20"]
[EventType "swiss"]
[EventRounds "9"]
[EventCountry "ENG"]
[SourceTitle "BritBase"]
[Source "John Saunders"]
[SourceDate "2020.09.07"]
[SourceVersion "1"]
[SourceVersionDate "2020.09.07"]
[SourceQuality "2"]

1. Nf3 g6 2. g3 Bg7 3. Bg2 e5 4. d3 Nc6 5. O-O d6 6. c4 f5 7. Nc3 Nf6 8. Bg5 h6
9. Bxf6 Qxf6 10. Nd5 Qf7 11. b4 O-O 12. Rb1 g5 13. a4 Nd8 14. b5 c6 15. Nb4 Be6
16. Nd2 Rc8 17. Nb3 g4 18. bxc6 bxc6 19. Na5 Qd7 20. Na6 f4 21. Be4 Qf7 22. Nb4
d5 23. Bh1 f3 24. exf3 gxf3 25. Re1 Bg4 26. Nc2 d4 27. c5 Ne6 28. Nc4 Qh5 29.
Rb7 Ng5 30. h4 Nh3+ 31. Kf1 Bf6 32. Re4 Bxh4 33. Nxe5 Nxf2 34. gxh4 Nxe4 35.
dxe4 Bh3+ 36. Kg1 f2+ 37. Kh2 Qxd1 38. Nxd4 Qxh1+ 39. Kxh1 f1=Q+ 40. Kh2 Qg2#
0-1

[Event "Lloyds Bank Masters 10th"]
[Site "London"]
[Date "1986.08.21"]
[Round "2"]
[White "Nicholson, John G"]
[Black "Condie, Mark L"]
[Result "1-0"]
[WhiteElo "2295"]
[BlackElo "2410"]
[PlyCount "89"]
[EventDate "1986.08.20"]
[EventType "swiss"]
[EventRounds "9"]
[EventCountry "ENG"]
[SourceTitle "BritBase"]
[Source "John Saunders"]
[SourceDate "2020.09.07"]
[SourceVersion "1"]
[SourceVersionDate "2020.09.07"]
[SourceQuality "2"]

1. e4 e5 2. Nf3 Nf6 3. Nxe5 d6 4. Nf3 Nxe4 5. d4 d5 6. Bd3 Be7 7. O-O Nc6 8. c4
Bg4 9. Nc3 Nxc3 10. bxc3 dxc4 11. Bxc4 O-O 12. Re1 Bd6 13. Rb1 Qf6 14. Bd3 Rae8
15. Bg5 Qxg5 16. Nxg5 Bxd1 17. Rexd1 g6 18. Ne4 Re7 19. Rxb7 f5 20. Nxd6 cxd6
21. Rxe7 Nxe7 22. Bb5 Rc8 23. c4 Kf7 24. Kf1 Kf6 25. Rd2 Rc7 26. Ke2 Nc8 27.
Kd3 Nb6 28. Re2 Kf7 29. Rc2 Kf6 30. g3 h6 31. Re2 Kf7 32. d5 Nc8 33. Be8+ Kg7
34. Re6 h5 35. Rxg6+ Kh7 36. Rf6 Re7 37. Bc6 f4 38. Rf8 Nb6 39. Rd8 fxg3 40.
fxg3 Re1 41. Rxd6 Rd1+ 42. Kc2 Rd4 43. Bb5 Nxc4 44. Rd7+ Kg6 45. Kc3 1-0

[Event "Lloyds Bank Masters 10th"]
[Site "London"]
[Date "1986.08.21"]
[Round "2"]
[White "Plaskett, H James"]
[Black "Rodgaard, John"]
[Result "1-0"]
[WhiteElo "2450"]
[BlackElo "2350"]
[PlyCount "79"]
[EventDate "1986.08.20"]
[EventType "swiss"]
[EventRounds "9"]
[EventCountry "ENG"]
[SourceTitle "BritBase"]
[Source "John Saunders"]
[SourceDate "2020.09.07"]
[SourceVersion "1"]
[SourceVersionDate "2020.09.07"]
[SourceQuality "2"]

1. c4 e6 2. Nf3 Nf6 3. d4 d5 4. g3 dxc4 5. Bg2 c5 6. O-O Nc6 7. Qa4 cxd4 8.
Nxd4 Qxd4 9. Bxc6+ Bd7 10. Rd1 Qxd1+ 11. Qxd1 Bxc6 12. Nd2 Bb5 13. Qc2 Rc8 14.
a4 Ba6 15. b3 c3 16. Nc4 Bb4 17. Ba3 Bxa3 18. Rxa3 O-O 19. Qxc3 Rfd8 20. Ra2
Rd5 21. Qb4 b6 22. Ne3 Rdc5 23. Rd2 h6 24. f3 Re5 25. Kf2 Rec5 26. Qd4 R5c7 27.
b4 Bb7 28. Qe5 Nd5 29. Ng4 Nxb4 30. Rd8+ Kh7 31. Rxc8 Rxc8 32. Qf4 f5 33. Qxb4
fxg4 34. Qxg4 Bd5 35. Qd4 Kh8 36. e4 Bb3 37. Qb4 Bc4 38. Qe7 b5 39. Qd7 Rf8 40.
Qxa7 1-0

[Event "Lloyds Bank Masters 10th"]
[Site "London"]
[Date "1986.08.21"]
[Round "2"]
[White "Rechlis, Gad"]
[Black "Watson, William N"]
[Result "1-0"]
[WhiteElo "2430"]
[BlackElo "2495"]
[PlyCount "67"]
[EventDate "1986.08.20"]
[EventType "swiss"]
[EventRounds "9"]
[EventCountry "ENG"]
[SourceTitle "BritBase"]
[Source "John Saunders"]
[SourceDate "2020.09.07"]
[SourceVersion "1"]
[SourceVersionDate "2020.09.07"]
[SourceQuality "2"]

1. c4 g6 2. g3 Bg7 3. Bg2 e5 4. Nc3 Nc6 5. e3 d6 6. Nge2 h5 7. d4 h4 8. d5 Nb8
9. e4 Bg4 10. h3 Bxe2 11. Qxe2 Nd7 12. O-O Bh6 13. Be3 Kf8 14. b4 b6 15. Na4
Kg7 16. c5 Ngf6 17. Rac1 Nh5 18. Rc3 a5 19. cxb6 axb4 20. Bxh6+ Kxh6 21. bxc7
Qc8 22. Rf3 Kg7 23. Qc2 Qa6 24. Rc1 Rhc8 25. Qc6 Qxc6 26. dxc6 Rxc7 27. Bf1 Nb8
28. Nb6 Ra5 29. Bc4 Rc5 30. Nd7 Rxc4 31. Rxc4 Rxc6 32. Rxc6 Nxc6 33. Nb6 Nd4
34. Rd3 1-0

[Event "Lloyds Bank Masters 10th"]
[Site "London"]
[Date "1986.08.21"]
[Round "2"]
[White "Thomas, Ian"]
[Black "Saidy, Anthony"]
[Result "1-0"]
[WhiteElo "2350"]
[BlackElo "2435"]
[PlyCount "149"]
[EventDate "1986.08.20"]
[EventType "swiss"]
[EventRounds "9"]
[EventCountry "ENG"]
[SourceTitle "BritBase"]
[Source "John Saunders"]
[SourceDate "2020.09.07"]
[SourceVersion "1"]
[SourceVersionDate "2020.09.07"]
[SourceQuality "2"]

1. e4 c5 2. Nf3 d6 3. d4 cxd4 4. Nxd4 Nf6 5. Nc3 Nc6 6. Bg5 e6 7. Qd2 a6 8. a4
h6 9. Be3 Ng4 10. Nb3 Nxe3 11. Qxe3 Na5 12. Nd2 Be7 13. Be2 O-O 14. O-O Bd7 15.
Rfd1 Qc7 16. b4 Rfc8 17. Na2 Nc6 18. Nc4 Rab8 19. a5 Rd8 20. c3 Be8 21. Nb6 Ne5
22. f4 Nd7 23. Nc1 Nxb6 24. axb6 Qc8 25. Nb3 Bf6 26. Nd4 e5 27. fxe5 Bxe5 28.
Rac1 Bf6 29. Nf3 Qe6 30. Bd3 Rbc8 31. c4 Bc6 32. Re1 Re8 33. Nd4 Qe5 34. Nxc6
Rxc6 35. Rc2 Bd8 36. c5 dxc5 37. bxc5 Be7 38. Kh1 Bxc5 39. Qf3 Bd6 40. g3 Rxb6
41. Bc4 Rf8 42. Rf1 Qe7 43. Bd5 Kh8 44. Qh5 Rb5 45. Rcf2 f6 46. Rf5 Be5 47. Qg6
Qe8 48. Qg4 g6 49. R5f2 h5 50. Qf3 Kg7 51. Qa3 Qd7 52. Re1 Rb6 53. Rd2 Rd6 54.
Qb4 Rd8 55. Kg2 h4 56. Rd3 hxg3 57. hxg3 b5 58. Rh1 Rc8 59. Qd2 g5 60. Qe2 Rh8
61. Rxh8 Kxh8 62. Qh5+ Kg7 63. Rd1 Rxd5 64. Rxd5 Qc7 65. Qg4 Qc2+ 66. Kh1 Qc1+
67. Rd1 Qc6 68. Qf5 Kf7 69. Rd7+ Ke8 70. Rh7 Bxg3 71. Qg6+ Kd8 72. Qg8+ Qe8 73.
Qd5+ Kc8 74. Qa8+ Bb8 75. Qb7+ 1-0

[Event "Lloyds Bank Masters 10th"]
[Site "London"]
[Date "1986.08.21"]
[Round "2"]
[White "Tilak, Sharad"]
[Black "Lalic, Susan Kathryn"]
[Result "1/2-1/2"]
[WhiteElo "2320"]
[BlackElo "2195"]
[PlyCount "34"]
[EventDate "1986.08.20"]
[EventType "swiss"]
[EventRounds "9"]
[EventCountry "ENG"]
[SourceTitle "BritBase"]
[Source "John Saunders"]
[SourceDate "2020.09.07"]
[SourceVersion "1"]
[SourceVersionDate "2020.09.07"]
[SourceQuality "2"]

1. e4 e6 2. d4 d5 3. e5 c5 4. c3 Qb6 5. Nf3 Bd7 6. Be2 Bb5 7. c4 Bxc4 8. Bxc4
dxc4 9. d5 Ne7 10. Qa4+ Nd7 11. dxe6 Qxe6 12. O-O Nc6 13. Ng5 Qf5 14. e6 fxe6
15. Qxc4 O-O-O 16. Qxe6 Qxe6 17. Nxe6 Re8 1/2-1/2

[Event "Lloyds Bank Masters 10th"]
[Site "London"]
[Date "1986.08.21"]
[Round "2"]
[White "Ward, Christopher"]
[Black "Sathe, Bhagyashree"]
[Result "0-1"]
[WhiteElo "2315"]
[BlackElo "2075"]
[PlyCount "166"]
[EventDate "1986.08.20"]
[EventType "swiss"]
[EventRounds "9"]
[EventCountry "ENG"]
[SourceTitle "BritBase"]
[Source "John Saunders"]
[SourceDate "2020.09.07"]
[SourceVersion "1"]
[SourceVersionDate "2020.09.07"]
[SourceQuality "2"]

1. d4 d5 2. c4 e6 3. Nc3 c5 4. cxd5 exd5 5. Nf3 Nc6 6. e3 Nf6 7. Be2 Be7 8. O-O
O-O 9. b3 Ne4 10. Bb2 cxd4 11. Nxd4 Nxd4 12. exd4 Nxc3 13. Bxc3 Bf5 14. Qd2 Rc8
15. Rac1 Ba3 16. Bb2 Bd6 17. Rxc8 Bxc8 18. Bf3 Be6 19. g3 Qf6 20. Bg2 Rc8 21.
Qa5 a6 22. Qb6 Qe7 23. Rc1 Rxc1+ 24. Bxc1 Qc7 25. Qxc7 Bxc7 26. Ba3 f6 27. f4
g6 28. Kf2 Kf7 29. Ke3 Ke8 30. Bb4 Kd7 31. h3 g5 32. Be1 Kc6 33. Bb4 Kd7 34.
Bf8 h5 35. Bh6 Bd8 36. Bg7 Kc6 37. Bf8 Bf5 38. Bf3 Bg6 39. a3 f5 40. Be2 g4 41.
hxg4 hxg4 42. Bd3 Bh7 43. a4 Bg6 44. Bb4 b5 45. Kd2 Bb6 46. Bc3 Bc7 47. Kc2 Bd6
48. Ba5 Be7 49. Kc3 Bd6 50. Bb4 Bc7 51. axb5+ axb5 52. Kd2 Bb6 53. Kc3 Bc7 54.
Kc2 Bb6 55. Bc3 Bc7 56. Kb2 Bd6 57. Ka2 Be7 58. Ba1 Bb4 59. Bb2 Be1 60. Bc1
Bxg3 61. Be3 Be1 62. Be2 g3 63. Kb2 g2 64. Bf3 Bd2 65. Bf2 g1=Q 66. Bxg1 Bxf4
67. Bf2 b4 68. Be1 Bd6 69. Bh4 f4 70. Kc1 Be4 71. Bg4 f3 72. Kd1 Bf4 73. Bf2
Kc7 74. Bh5 Kd7 75. Bg4+ Ke7 76. Be1 Bd6 77. Bd2 Kf6 78. Bh5 Bg3 79. Bg4 f2 80.
Bh3 Bd3 81. Bxb4 f1=Q+ 82. Bxf1 Bxf1 83. Kd2 Bf2 0-1

[Event "Lloyds Bank Masters 10th"]
[Site "London"]
[Date "1986.08.21"]
[Round "2"]
[White "Zueger, Beat"]
[Black "Hennigan, Michael"]
[Result "1-0"]
[WhiteElo "2425"]
[BlackElo "2225"]
[PlyCount "73"]
[EventDate "1986.08.20"]
[EventType "swiss"]
[EventRounds "9"]
[EventCountry "ENG"]
[SourceTitle "BritBase"]
[Source "John Saunders"]
[SourceDate "2020.09.07"]
[SourceVersion "1"]
[SourceVersionDate "2020.09.07"]
[SourceQuality "2"]

1. g3 g6 2. Bg2 Bg7 3. c4 e5 4. Nc3 d6 5. b4 Nf6 6. d3 O-O 7. Rb1 Nc6 8. e3 Bg4
9. Nge2 Qd7 10. h3 Be6 11. b5 Nd8 12. Qb3 Re8 13. Nd5 c6 14. Nxf6+ Bxf6 15.
bxc6 bxc6 16. Nc3 Rc8 17. Ba3 Be7 18. h4 f5 19. O-O f4 20. exf4 exf4 21. Bb2
Nf7 22. Ne4 Rb8 23. Qc3 Rxb2 24. Rxb2 Rf8 25. Rfb1 Ne5 26. Rb7 Qd8 27. c5 Bf6
28. d4 Ng4 29. cxd6 fxg3 30. fxg3 Bd5 31. Rb8 Qd7 32. Nxf6+ Nxf6 33. Bxd5+ Nxd5
34. Qf3 Qxd6 35. Rxf8+ Qxf8 36. Qxf8+ Kxf8 37. Rb7 1-0

[Event "Lloyds Bank Masters 10th"]
[Site "London"]
[Date "1986.08.22"]
[Round "3"]
[White "Barber, Haydn"]
[Black "Conquest, Stuart"]
[Result "1-0"]
[WhiteElo "2320"]
[BlackElo "2430"]
[PlyCount "73"]
[EventDate "1986.08.20"]
[EventType "swiss"]
[EventRounds "9"]
[EventCountry "ENG"]
[SourceTitle "BritBase"]
[Source "John Saunders"]
[SourceDate "2020.09.07"]
[SourceVersion "1"]
[SourceVersionDate "2020.09.07"]
[SourceQuality "2"]

1. e4 c5 2. Nf3 d6 3. d4 cxd4 4. Nxd4 Nf6 5. Nc3 Nc6 6. Bc4 e6 7. Be3 Bd7 8.
O-O Be7 9. Bb3 a6 10. f4 O-O 11. Kh1 b5 12. a3 Na5 13. e5 Ne8 14. Qh5 Nxb3 15.
cxb3 f5 16. exf6 Nxf6 17. Qe2 Re8 18. Bf2 e5 19. fxe5 dxe5 20. Nf3 Bg4 21. h3
Bh5 22. Rfd1 Qc8 23. g4 Bf7 24. b4 Bb3 25. Rd2 Qb7 26. Kg1 a5 27. bxa5 Rxa5 28.
Re1 b4 29. axb4 Bxb4 30. Nh4 Qc6 31. Qf3 e4 32. Nxe4 Bf7 33. Nxf6+ Qxf6 34.
Rxe8+ Bxe8 35. Qb3+ Qf7 36. Qxb4 Ra1+ 37. Kh2 {time} 1-0

[Event "Lloyds Bank Masters 10th"]
[Site "London"]
[Date "1986.08.22"]
[Round "3"]
[White "Chandler, Murray G"]
[Black "Rechlis, Gad"]
[Result "1/2-1/2"]
[WhiteElo "2565"]
[BlackElo "2430"]
[PlyCount "89"]
[EventDate "1986.08.20"]
[EventType "swiss"]
[EventRounds "9"]
[EventCountry "ENG"]
[SourceTitle "BritBase"]
[Source "John Saunders"]
[SourceDate "2020.09.07"]
[SourceVersion "1"]
[SourceVersionDate "2020.09.07"]
[SourceQuality "2"]

1. e4 c5 2. Nf3 Nc6 3. d4 cxd4 4. Nxd4 g6 5. c4 Bg7 6. Be3 Nf6 7. Nc3 Ng4 8.
Qxg4 Nxd4 9. Qd1 Ne6 10. Qd2 Qa5 11. Rc1 b6 12. b3 Bb7 13. Nd5 Qxd2+ 14. Kxd2
Rc8 15. f3 Nd4 16. h4 h6 17. Bd3 e6 18. Nc3 Ke7 19. Bb1 d6 20. Kd3 Nc6 21. Ke2
Bd4 22. Rhd1 Bc5 23. Rd3 Ne5 24. Rd2 a6 25. Rcc2 g5 26. hxg5 Bxe3 27. Kxe3 hxg5
28. Rd1 Rc6 29. Ne2 Rcc8 30. Rcd2 Rhd8 31. Nd4 Nc6 32. Nxc6+ Bxc6 33. Bd3 a5
34. Be2 Rd7 35. a3 Rb8 36. Rd4 b5 37. cxb5 Bxb5 38. Bxb5 Rxb5 39. b4 axb4 40.
axb4 Rdb7 41. Rb1 Kf6 42. Kd3 Ke5 43. g3 Rb8 44. Kc3 Ra8 45. Rd3 1/2-1/2

[Event "Lloyds Bank Masters 10th"]
[Site "London"]
[Date "1986.08.22"]
[Round "3"]
[White "Cramling, Pia"]
[Black "Adams, Michael"]
[Result "0-1"]
[WhiteElo "2400"]
[BlackElo "2260"]
[PlyCount "70"]
[EventDate "1986.08.20"]
[EventType "swiss"]
[EventRounds "9"]
[EventCountry "ENG"]
[SourceTitle "BritBase"]
[Source "John Saunders"]
[SourceDate "2020.09.07"]
[SourceVersion "1"]
[SourceVersionDate "2020.09.07"]
[SourceQuality "2"]

1. Nf3 Nf6 2. d4 e6 3. e3 c5 4. Bd3 Nc6 5. O-O d5 6. b3 cxd4 7. exd4 Be7 8. Bb2
O-O 9. Nbd2 b6 10. a3 Bb7 11. Qe2 Rc8 12. h3 Re8 13. Ng5 Bf8 14. f4 Qd6 15. Qf2
Ne7 16. Rae1 h6 17. Re5 g6 18. Ngf3 Bg7 19. Nh2 Qc7 20. Re2 Ne4 21. Bxe4 dxe4
22. Ng4 Qxc2 23. Nc4 Qxb3 24. Nd6 Ba6 25. Re3 Qa4 26. Nxe8 Qxe8 27. Rd1 h5 28.
Nh2 Bd3 29. Rexd3 exd3 30. Rxd3 Nd5 31. Rd2 Bh6 32. g3 Qa4 33. Nf3 Bf8 34. Ne5
Bxa3 35. f5 gxf5 0-1

[Event "Lloyds Bank Masters 10th"]
[Site "London"]
[Date "1986.08.22"]
[Round "3"]
[White "Dunnington, Angus J"]
[Black "Hebden, Mark L"]
[Result "0-1"]
[WhiteElo "2280"]
[BlackElo "2440"]
[PlyCount "106"]
[EventDate "1986.08.20"]
[EventType "swiss"]
[EventRounds "9"]
[EventCountry "ENG"]
[SourceTitle "BritBase"]
[Source "John Saunders"]
[SourceDate "2020.09.07"]
[SourceVersion "1"]
[SourceVersionDate "2020.09.07"]
[SourceQuality "2"]

1. Nf3 Nf6 2. d4 c5 3. d5 g6 4. Nc3 Bg7 5. e4 O-O 6. a4 Na6 7. Be2 Nb4 8. O-O
b6 9. Nd2 e6 10. Nc4 exd5 11. exd5 Ba6 12. Ne3 Bxe2 13. Nxe2 Re8 14. Ng3 Re5
15. f4 Re8 16. c3 Na6 17. d6 Qc8 18. Qd3 Nb8 19. b4 Nc6 20. Bd2 Re6 21. Nc4
cxb4 22. cxb4 Ng4 23. f5 Re8 24. Bc3 Bxc3 25. Qxc3 Nce5 26. Rf4 Qc6 27. fxg6
hxg6 28. h3 Rac8 29. Rc1 Nxc4 30. hxg4 Nxd6 31. Qxc6 dxc6 32. Rd4 Re6 33. Rcd1
Ne8 34. Rd7 Nf6 35. Rxa7 Nxg4 36. Rb7 c5 37. bxc5 Rxc5 38. Rb1 Rc4 39. Ra7 Rc3
40. Nf1 Rc2 41. Rb4 Ne5 42. Rf4 Rc1 43. a5 b5 44. Rb7 Rb1 45. Rb6 Kg7 46. Rb7
g5 47. Rf2 b4 48. g3 g4 49. Kg2 Nf3 50. Rb6 b3 51. Rb5 Ne1+ 52. Kg1 Nd3 53.
Rff5 b2 0-1

[Event "Lloyds Bank Masters 10th"]
[Site "London"]
[Date "1986.08.22"]
[Round "3"]
[White "Hebden, Mark L"]
[Black "De Firmian, Nick E"]
[Result "1-0"]
[WhiteElo "2440"]
[BlackElo "2490"]
[PlyCount "97"]
[EventDate "1986.08.20"]
[EventType "swiss"]
[EventRounds "9"]
[EventCountry "ENG"]
[SourceTitle "BritBase"]
[Source "John Saunders"]
[SourceDate "2020.09.07"]
[SourceVersion "1"]
[SourceVersionDate "2020.09.07"]
[SourceQuality "2"]

1. e4 c5 2. f4 Nc6 3. Nf3 g6 4. Bb5 Bg7 5. Bxc6 bxc6 6. d3 d6 7. Nc3 Nf6 8. O-O
O-O 9. Qe1 Ne8 10. Qh4 f5 11. Bd2 Nf6 12. Rae1 Bd7 13. h3 h6 14. e5 Nd5 15. Nd1
Nc7 16. Ba5 Rc8 17. Re2 d5 18. c4 Be6 19. b3 Qd7 20. Nc3 Na6 21. Na4 Bf7 22.
Qf2 d4 23. Qe1 e6 24. Bd2 Kh7 25. Bc1 Rfd8 26. Qa5 Qb7 27. Ba3 Bf8 28. Nxc5
Nxc5 29. Bxc5 Bxc5 30. Qxc5 Qb6 31. Qe7 Qc7 32. Qxc7 Rxc7 33. c5 Rd5 34. Rc1 g5
35. fxg5 Bh5 36. gxh6 Kxh6 37. Kf2 a5 38. Kg3 Rb7 39. Kf4 Bxf3 40. gxf3 Rg7 41.
a3 Kh5 42. b4 a4 43. Rcc2 Kh4 44. Rg2 Rdd7 45. Rb2 Rb7 46. Rxg7 Rxg7 47. b5
cxb5 48. Rxb5 Kxh3 49. Rb6 1-0

[Event "Lloyds Bank Masters 10th"]
[Site "London"]
[Date "1986.08.22"]
[Round "3"]
[White "Hjartarson, Johann"]
[Black "Akesson, Ralf"]
[Result "1/2-1/2"]
[WhiteElo "2525"]
[BlackElo "2435"]
[PlyCount "103"]
[EventDate "1986.08.20"]
[EventType "swiss"]
[EventRounds "9"]
[EventCountry "ENG"]
[SourceTitle "BritBase"]
[Source "John Saunders"]
[SourceDate "2020.09.07"]
[SourceVersion "1"]
[SourceVersionDate "2020.09.07"]
[SourceQuality "2"]

1. e4 c5 2. Nf3 e6 3. d4 cxd4 4. Nxd4 Nf6 5. Nc3 d6 6. Be2 a6 7. O-O Be7 8. f4
O-O 9. Be3 Qc7 10. a4 b6 11. Bf3 Bb7 12. g4 Nc6 13. g5 Nd7 14. Nb3 Rfe8 15. Kh1
Bf8 16. Bg2 Nc5 17. Bg1 Nb4 18. Qd2 Nxb3 19. cxb3 d5 20. Rac1 dxe4 21. Nxe4 Qb8
22. Rc3 Rd8 23. Qf2 Nd5 24. Rh3 g6 25. Qh4 h5 26. gxh6 Be7 27. h7+ Kh8 28. Ng5
Rf8 29. Bd4+ Bf6 30. Qf2 Qd8 31. Ne4 Bg7 32. Kg1 b5 33. Rd1 Qc7 34. Bxg7+ Kxg7
35. Qd4+ f6 36. Ng5 Rfe8 37. h8=Q+ Rxh8 38. Rxh8 Kxh8 39. Bxd5 Bxd5 40. Qxf6+
Qg7 41. Qe5 Qxe5 42. fxe5 Rc8 43. axb5 axb5 44. Rd2 Kg7 45. h4 Kh6 46. Kf2 Rc1
47. Nh3 Rh1 48. Nf4 Bxb3 49. Rd8 Rh2+ 50. Ke3 g5 51. hxg5+ Kxg5 52. Rb8 1/2-1/2

[Event "Lloyds Bank Masters 10th"]
[Site "London"]
[Date "1986.08.22"]
[Round "3"]
[White "Kudrin, Sergey"]
[Black "Thomas, Ian"]
[Result "1-0"]
[WhiteElo "2495"]
[BlackElo "2350"]
[PlyCount "91"]
[EventDate "1986.08.20"]
[EventType "swiss"]
[EventRounds "9"]
[EventCountry "ENG"]
[SourceTitle "BritBase"]
[Source "John Saunders"]
[SourceDate "2020.09.07"]
[SourceVersion "1"]
[SourceVersionDate "2020.09.07"]
[SourceQuality "2"]

1. e4 e5 2. Nf3 Nc6 3. Bb5 a6 4. Ba4 Nf6 5. O-O Be7 6. Re1 b5 7. Bb3 d6 8. c3
O-O 9. h3 Na5 10. Bc2 c5 11. d3 Re8 12. Nbd2 Bf8 13. Nf1 Nc6 14. Ng3 h6 15. a4
b4 16. Bb3 Rb8 17. Ba2 Qb6 18. Nd2 Qd8 19. Nc4 Be6 20. f4 exf4 21. Bxf4 Rb7 22.
Nd2 d5 23. e5 Nd7 24. Nf3 Qa5 25. d4 bxc3 26. bxc3 cxd4 27. cxd4 Bb4 28. Re2
Rc8 29. Kh2 Nf8 30. Rb1 Rbc7 31. Bd2 Bxd2 32. Rxd2 Nb4 33. Bb3 Nd7 34. Nh4 g6
35. Rdb2 Nc6 36. Bc2 Ne7 37. Bd3 Kg7 38. Be2 Nc6 39. Bg4 Nd8 40. Rf2 Nb6 41.
Bxe6 Nxe6 42. Qg4 Ng5 43. Nhf5+ gxf5 44. Nxf5+ Kg6 45. Nxh6 Rc6 46. Nxf7 1-0

[Event "Lloyds Bank Masters 10th"]
[Site "London"]
[Date "1986.08.22"]
[Round "3"]
[White "Lalic, Susan Kathryn"]
[Black "Prasad, Devaki V"]
[Result "1/2-1/2"]
[WhiteElo "2195"]
[BlackElo "2410"]
[PlyCount "80"]
[EventDate "1986.08.20"]
[EventType "swiss"]
[EventRounds "9"]
[EventCountry "ENG"]
[SourceTitle "BritBase"]
[Source "John Saunders"]
[SourceDate "2020.09.07"]
[SourceVersion "1"]
[SourceVersionDate "2020.09.07"]
[SourceQuality "2"]

1. e4 e5 2. Nf3 Nc6 3. d4 exd4 4. Nxd4 Nf6 5. Nxc6 bxc6 6. e5 Nd5 7. c4 Nb6 8.
Bd3 Bb4+ 9. Bd2 Qe7 10. O-O O-O 11. Re1 Ba6 12. Qc2 h6 13. Qb3 Bc5 14. Qc3 Qh4
15. Be3 Bxe3 16. Rxe3 f5 17. Nd2 Qe7 18. b3 c5 19. Rf3 Qe6 20. Re3 Bb7 21. Bc2
Rae8 22. Bd1 f4 23. Re1 d5 24. cxd5 Bxd5 25. Qxc5 Nd7 26. Qc3 Nxe5 27. Nf3 Bxf3
28. Bxf3 Nxf3+ 29. gxf3 Qd6 30. Kh1 Qd8 31. Rxe8 Rxe8 32. Rg1 g5 33. Qc4+ Kg7
34. Rc1 Re7 35. Qc3+ Kf7 36. Qc4+ Kf8 37. Kg2 Kg7 38. Qc3+ Kf7 39. Qc4+ Kg7 40.
Qc3+ Kf7 1/2-1/2

[Event "Lloyds Bank Masters 10th"]
[Site "London"]
[Date "1986.08.22"]
[Round "3"]
[White "Murey, Jacob"]
[Black "Strauss, David J"]
[Result "1-0"]
[WhiteElo "2490"]
[BlackElo "2385"]
[PlyCount "79"]
[EventDate "1986.08.20"]
[EventType "swiss"]
[EventRounds "9"]
[EventCountry "ENG"]
[SourceTitle "BritBase"]
[Source "John Saunders"]
[SourceDate "2020.09.07"]
[SourceVersion "1"]
[SourceVersionDate "2020.09.07"]
[SourceQuality "2"]

1. d4 d5 2. c4 c6 3. Nf3 Nf6 4. Nc3 dxc4 5. a4 Bg4 6. Ne5 Bh5 7. h4 e6 8. f3 c5
9. dxc5 Qxd1+ 10. Kxd1 Nc6 11. Nxc6 bxc6 12. g4 O-O-O+ 13. Bd2 Bxc5 14. Kc1
Rxd2 15. Kxd2 Rd8+ 16. Kc2 Bg6+ 17. e4 h5 18. g5 Nd5 19. Bxc4 Ne3+ 20. Kb3 Kc7
21. Nd1 Nxc4 22. Kxc4 Bd4 23. Nc3 f5 24. Ne2 Bxb2 25. Ra2 Rd2 26. Nf4 Bf7 27.
g6 Bg8 28. Rxb2 Rxb2 29. e5 a5 30. Nxh5 Rb4+ 31. Kc3 Rxa4 32. Nxg7 Ra3+ 33. Kb2
Rxf3 34. Ne8+ Kd8 35. Nf6 Rg3 36. h5 Bf7 37. gxf7 Ke7 38. h6 Rg2+ 39. Kb3 a4+
40. Kxa4 1-0